1849 1506 1553 1427 1104 1040 1492 1503 1580 1786 1156 1721 1059 1901 1130 1579 1009 1312 1094 1550 1969 1332 1375 1346 1118 1957 1956 1032 1586 1432 1119 1696 1096 1690 1747 1388 1832 1175 1556 1162 1653 1950 1798 1624 1915 1100 1066 1161 1804 1352 1092 1265 1461 1130 1963 1692 1412 1223 1623 1593 1903 1571 1488 1131 1584 1842 1225 1600 1549 1704 1022 1127 1036 1644 1198 1195 1929 1069 1498 1708 1685 1758 1658 1596 1087 1718 1695 1545 1196 1389 1424 1495 1351 1770 1766 1932 1027 1361 1046 BCNSPRNW ULIB Ver.6.0+V

เปลี่ยนเป็นภาษาไทย

Change to English
 แสดงรายละเอียดบรรณานุกรม
  กลับหน้าหลัก

Brief Record : Get Marc (ISO 2709) : E-mail record : QR code < ปิดหน้าต่าง
LEADER : 00000nam 2200000uu 4500
001    13399113417
003     ULIB
008    110627s2552||||th 000 0 tha d
020    9786115350049
090    นว.^bล455พ 2552
100 0  ลิลลี่พิงค์
245 00 พลิกรักสลับขั้วหัวใจของยังซินดี้กับนายแบดบอย/^cลิลลี่พิงค์
250    พิมพ์ครั้งที่ 1
260    กรุงเทพฯ :^bSugar rian,^c2552
300    169 หน้า
710 1  Sugar rian
945    ^p139^l0^i026031
995    ทศพร
999 ^a ใช้งานได้ทุกระบบ
รายการนี้ยังไม่มีแท็ก
คุณยังไม่ได้ล็อกอิน คุณสามารถมีกิจกรรมร่วมกับเว็บไซต์ได้ แต่ต้องล็อกอินก่อน ::
  ล็อกอิน

รายการสื่อสารสนเทศ

ลำดับที่ ประเภท เลขเรียก/บาร์โค้ด สถานที่ สถานะ
1. นวนิยาย
นวนิยาย
นว. ล455พ 2552 ฉ.1 
  Barcode: 026031
ห้องสมุดวิทยาเขตสวรรค์ประชารักษ์
►นวนิยาย
บนชั้น
  ขอยืม

BibComment


ยังไม่เคยถูกคอมเมนท์

คอมเมนท์ทรัพยากรรายการนี้
  คอมเมนท์: พลิกรักสลับขั้วหั..


 Copyright 2026. Bcnsprnw @Library